| 000 | 01016nam a2200265 u 4500 | ||
|---|---|---|---|
| 001 | 62419 | ||
| 005 | 20180714064436.0 | ||
| 008 | 150416s1993 mx r 000 0 spa d | ||
| 041 | _aspa | ||
| 082 | 0 |
_a232.917 _bCAR |
|
| 100 | 1 |
_aCarranza, Francisco Javier, _d1703-1769 _eautor |
|
| 245 | 1 | 0 |
_aSiete sermones guadalupanos (1709-1765) / _cFrancisco Javier Carranza, Juan José Ruiz Castañeda, Juan de Goicochea, Bartolomé Felipe de Ita y Parra,. |
| 250 | _a1a. edición | ||
| 264 | 1 |
_aMéxico : _bCentro de Estudios de Historia de México Condumex, _c1993 |
|
| 300 |
_a301 páginas : _bilustraciones ; _c28 cm. |
||
| 336 |
_atexto _2rdacontent |
||
| 337 |
_asin mediación _2rdamedia |
||
| 338 |
_avolumen _2rdacarrier |
||
| 650 | 0 |
_aVirgen _xCulto _xHistoria |
|
| 650 | 0 |
_aVirgen de Guadalupe _xMilagros |
|
| 700 | 1 |
_aRuiz Castañeda, Juan José _eautor |
|
| 700 | 1 |
_aGoicoechea, Juan de _eautor |
|
| 700 | 1 | _aIta y Parra, Bartolomé Felipe de. | |
| 700 | 1 |
_aGarcía Ayluardo, Clara _eautor |
|
| 999 |
_c62419 _d62419 |
||